لم أكن أعلم أن الحيتان تستطيع أن تغني / (رقم التسجيلة. 20592)

تفاصيل مارك
000 -LEADER
fixed length control field 00681nam a22002177a 4500
005 - DATE AND TIME OF LATEST TRANSACTION
control field 20251108165034.0
008 - FIXED-LENGTH DATA ELEMENTS--GENERAL INFORMATION
fixed length control field 250721s2002 xx 000 0 ara d
020 ## - INTERNATIONAL STANDARD BOOK NUMBER
International Standard Book Number 9953160805
082 14 - DEWEY DECIMAL CLASSIFICATION NUMBER
Classification number ط/599.5/بيت
100 1# - MAIN ENTRY--PERSONAL NAME
Personal name بيتي، كات
Relator term مؤلف
245 10 - TITLE STATEMENT
Title لم أكن أعلم أن الحيتان تستطيع أن تغني /
264 1# - PRODUCTION, PUBLICATION, DISTRIBUTION, MANUFACTURE, AND COPYRIGHT NOTICE
Place of production, publication, distribution, manufacture بيروت :
Name of producer, publisher, distributor, manufacturer دار المجاني،
Date of production, publication, distribution, manufacture, or copyright notice 2002.
300 ## - PHYSICAL DESCRIPTION
Extent 32ص.
490 0# - SERIES STATEMENT
Series statement لم اكن اعلم ان
650 17 - SUBJECT ADDED ENTRY--TOPICAL TERM
Topical term or geographic name as entry element الحيتان
650 17 - SUBJECT ADDED ENTRY--TOPICAL TERM
Topical term or geographic name as entry element الثدييات
653 ## - INDEX TERM--UNCONTROLLED
Uncontrolled term ناشاون صغار (10-14) سنه
700 1# - ADDED ENTRY--PERSONAL NAME
Personal name عيسى، ديانا ابي عبود
Relator term مترجم
942 ## - ADDED ENTRY ELEMENTS (KOHA)
Source of classification or shelving scheme Dewey Decimal Classification
Koha item type كتب
المقتنيات
حالة السحب حالة الفقدان مصدر التصنيف حالة التلف غير قابل للإعارة المكتبة الرئيسية المكتبة الحالية موقع الرف تاريخ التزويد الرقم المتسلسل Total Checkouts رقم الإستدعاء الباركود تاريخ آخر ظهور تاريخ الفاتورة نوع المادة (كوها)
    Dewey Decimal Classification     المكتبة المركزية المكتبة المركزية مقتنيات قسم التزويد 28/07/2025 1276110   ط/599.5/بيت PLD00085835 28/07/2025 28/07/2025 كتب
    Dewey Decimal Classification     المكتبة المركزية المكتبة المركزية الأطفال 30/01/2012 1508218   ط/599.5/بيت PLD00238228 28/07/2025 30/01/2012 كتب
    Dewey Decimal Classification     مكتبة الأميرة ايمان العامة مكتبة الأميرة ايمان العامة الأطفال 11/05/2009 1276116   ط/599.5/بيت PLD00088254 28/07/2025 11/05/2009 كتب
    Dewey Decimal Classification     مكتبة وادي السير العامة مكتبة وادي السير العامة الأطفال 11/05/2009 1276114   ط/599.5/بيت PLD00088252 28/07/2025 11/05/2009 كتب
    Dewey Decimal Classification     مكتبة ومركز فرح مكتبة ومركز فرح الأطفال 05/05/2009 1286534   ط/599.5/بيت PLD00086547 28/07/2025 05/05/2009 كتب
    Dewey Decimal Classification     مكتبةمؤتة مكتبةمؤتة الأطفال 11/05/2009 1276113   ط/599.5/بيت PLD00088251 28/07/2025 11/05/2009 كتب
Implemented & Customized by: BBB with SCIT (Smart Chains for Information Technology)

Powered by Koha